[Event "4NCL Div 1 2018-19"]
[Site "Daventry"]
[Date "2019.01.12"]
[Round "3"]
[White "Quinn, John M"]
[Black "Longson, Sarah N"]
[Result "1/2-1/2"]
[WhiteElo "2163"]
[BlackElo "2086"]
[Annotator "NA"]
[PlyCount "41"]
[EventDate "2019.01.12"]
[EventCountry "GBR"]
[SourceTitle "playchess.com"]
[Source "ChessBase"]
[SourceQuality "1"]
[TimeControl "40"]

1. d4 {[%emt 0:00:00]} d5 {[%emt 0:00:00]} 2. c4 {[%emt 0:00:00]} dxc4 {[%emt 0:00:00]} 3. Nf3 {[%emt 0:00:00]} Nf6 {[%emt 0:00:00]} 4. Nc3 {[%emt 0:00:00]} a6 {[%emt 0:00:00]} 5. a4 {[%emt 0:00:00]} e6 {[%emt 0:00:00]} 6. Bg5 {[%emt 0:00:00]} c5 {[%emt 0:00:00]} 7. dxc5 {[%emt 0:00:00]} Qa5 {[%emt 0:00:00]} 8. Bxf6 {[%emt 0:00:00]} gxf6 {[%emt 0:00:00]} 9. Qd4 {[%emt 0:00:00]} Nd7 {[%emt 0:00:00]} 10. Qxc4 {[%emt 0:00:00]} Bxc5 {[%emt 0:00:00]} 11. e3 {[%emt 0:00:00]} Nb6 {[%emt 0:00:00]} 12. Qb3 {[%emt 0:00:00]} e5 {[%emt 0:00:00]} 13. Bd3 {[%emt 0:00:00]} Be6 {[%emt 0:00:00]} 14. Qc2 {[%emt 0:00:00]} Nd5 {[%emt 0:00:00]} 15. O-O {[%emt 0:00:00]} Nb4 {[%emt 0:00:00]} 16. Qe2 {[%emt 0:00:00]} Nxd3 {[%emt 0:00:00]} 17. Qxd3 {[%emt 0:00:00]} Rd8 {[%emt 0:00:00]} 18. Qe4 {[%emt 0:00:00]} Qb4 {[%emt 0:00:00]} 19. Nxe5 {[%emt 0:00:00]} fxe5 {[%emt 0:00:00]} 20. Qxe5 {[%emt 0:00:00]} O-O {[%emt 0:00:00]} 21. Qg5+ {[%emt 0:00:00]} 1/2-1/2

[Event "4NCL Div 1 2018-19"]
[Site "Daventry"]
[Date "2019.01.12"]
[Round "3"]
[White "Stepanyan, Henrik"]
[Black "Ledger, Stephen C"]
[Result "1/2-1/2"]
[WhiteElo "2158"]
[BlackElo "2095"]
[Annotator "NA"]
[PlyCount "76"]
[EventDate "2019.01.12"]
[EventCountry "GBR"]
[SourceTitle "playchess.com"]
[Source "ChessBase"]
[SourceQuality "1"]
[TimeControl "40"]

1. d4 {[%emt 0:00:00]} Nf6 {[%emt 0:00:00]} 2. Nf3 {[%emt 0:00:00]} c5 {[%emt 0:00:00]} 3. d5 {[%emt 0:00:00]} b5 {[%emt 0:00:00]} 4. Bg5 {[%emt 0:00:00]} d6 {[%emt 0:00:00]} 5. Bxf6 {[%emt 0:00:00]} exf6 {[%emt 0:00:00]} 6. e4 {[%emt 0:00:00]} a6 {[%emt 0:00:00]} 7. a4 {[%emt 0:00:00]} b4 {[%emt 0:00:00]} 8. Bd3 {[%emt 0:00:00]} g6 {[%emt 0:00:00]} 9. a5 {[%emt 0:00:00]} Bg7 {[%emt 0:00:00]} 10. c3 {[%emt 0:00:00]} bxc3 {[%emt 0:00:00]} 11. bxc3 {[%emt 0:00:00]} O-O {[%emt 0:00:00]} 12. O-O {[%emt 0:00:00]} Bg4 {[%emt 0:00:00]} 13. h3 {[%emt 0:00:00]} Bxf3 {[%emt 0:00:00]} 14. Qxf3 {[%emt 0:00:00]} Re8 {[%emt 0:00:00]} 15. Nd2 {[%emt 0:00:00]} Nd7 {[%emt 0:00:00]} 16. Nc4 {[%emt 0:00:00]} Ne5 {[%emt 0:00:00]} 17. Nxe5 {[%emt 0:00:00]} Rxe5 {[%emt 0:00:00]} 18. Rfb1 {[%emt 0:00:00]} Re7 {[%emt 0:00:00]} 19. Rb6 {[%emt 0:00:00]} f5 {[%emt 0:00:00]} 20. exf5 {[%emt 0:00:00]} Bxc3 {[%emt 0:00:00]} 21. Rab1 {[%emt 0:00:00]} Bxa5 {[%emt 0:00:00]} 22. Rc6 {[%emt 0:00:00]} Rc7 {[%emt 0:00:00]} 23. Qf4 {[%emt 0:00:00]} Rxc6 {[%emt 0:00:00]} 24. dxc6 {[%emt 0:00:00]} Bc7 {[%emt 0:00:00]} 25. Rb7 {[%emt 0:00:00]} Rb8 {[%emt 0:00:00]} 26. fxg6 {[%emt 0:00:00]} hxg6 {[%emt 0:00:00]} 27. Bc4 {[%emt 0:00:00]} Qe7 {[%emt 0:00:00]} 28. Qg4 {[%emt 0:00:00]} d5 {[%emt 0:00:00]} 29. Rxb8+ {[%emt 0:00:00]} Bxb8 {[%emt 0:00:00]} 30. Qc8+ {[%emt 0:00:00]} Qf8 {[%emt 0:00:00]} 31. Qxf8+ {[%emt 0:00:00]} Kxf8 {[%emt 0:00:00]} 32. Bxd5 {[%emt 0:00:00]} Ke7 {[%emt 0:00:00]} 33. Kf1 {[%emt 0:00:00]} g5 {[%emt 0:00:00]} 34. g3 {[%emt 0:00:00]} f6 {[%emt 0:00:00]} 35. h4 {[%emt 0:00:00]} gxh4 {[%emt 0:00:00]} 36. gxh4 {[%emt 0:00:00]} Bf4 {[%emt 0:00:00]} 37. Ke2 {[%emt 0:00:00]} Kd6 {[%emt 0:00:00]} 38. Bc4 {[%emt 0:00:00]} Kxc6 {[%emt 0:00:00]} 1/2-1/2

[Event "4NCL Div 1 2018-19"]
[Site "Daventry"]
[Date "2019.01.12"]
[Round "3"]
[White "Oswald, Graeme E"]
[Black "Jackson, James P"]
[Result "1/2-1/2"]
[WhiteElo "2143"]
[BlackElo "2377"]
[Annotator "NA"]
[PlyCount "165"]
[EventDate "2019.01.12"]
[EventCountry "GBR"]
[SourceTitle "playchess.com"]
[Source "ChessBase"]
[SourceQuality "1"]
[TimeControl "40"]

1. g3 {[%emt 0:00:00]} e5 {[%emt 0:00:00]} 2. Bg2 {[%emt 0:00:00]} d5 {[%emt 0:00:00]} 3. c4 {[%emt 0:00:00]} dxc4 {[%emt 0:00:00]} 4. Qa4+ {[%emt 0:00:00]} c6 {[%emt 0:00:00]} 5. Qxc4 {[%emt 0:00:00]} Be6 {[%emt 0:00:00]} 6. Qc2 {[%emt 0:00:00]} Ne7 {[%emt 0:00:00]} 7. Nf3 {[%emt 0:00:00]} f6 {[%emt 0:00:00]} 8. O-O {[%emt 0:00:00]} Nf5 {[%emt 0:00:00]} 9. d3 {[%emt 0:00:00]} Na6 {[%emt 0:00:00]} 10. a3 {[%emt 0:00:00]} Nc5 {[%emt 0:00:00]} 11. Nbd2 {[%emt 0:00:00]} a5 {[%emt 0:00:00]} 12. b3 {[%emt 0:00:00]} Be7 {[%emt 0:00:00]} 13. Rb1 {[%emt 0:00:00]} O-O {[%emt 0:00:00]} 14. Bb2 {[%emt 0:00:00]} Qe8 {[%emt 0:00:00]} 15. e4 {[%emt 0:00:00]} Nh6 {[%emt 0:00:00]} 16. d4 {[%emt 0:00:00]} exd4 {[%emt 0:00:00]} 17. Nxd4 {[%emt 0:00:00]} Bd7 {[%emt 0:00:00]} 18. Nc4 {[%emt 0:00:00]} Qh5 {[%emt 0:00:00]} 19. Nb6 {[%emt 0:00:00]} Rad8 {[%emt 0:00:00]} 20. Nxd7 {[%emt 0:00:00]} Rxd7 {[%emt 0:00:00]} 21. h3 {[%emt 0:00:00]} Rfd8 {[%emt 0:00:00]} 22. Rbd1 {[%emt 0:00:00]} Na6 {[%emt 0:00:00]} 23. Nf3 {[%emt 0:00:00]} Qc5 {[%emt 0:00:00]} 24. Qe2 {[%emt 0:00:00]} Rxd1 {[%emt 0:00:00]} 25. Rxd1 {[%emt 0:00:00]} Rxd1+ {[%emt 0:00:00]} 26. Qxd1 {[%emt 0:00:00]} Qd6 {[%emt 0:00:00]} 27. Qe1 {[%emt 0:00:00]} Nf7 {[%emt 0:00:00]} 28. Nd4 {[%emt 0:00:00]} Qc5 {[%emt 0:00:00]} 29. Kh2 {[%emt 0:00:00]} Qb6 {[%emt 0:00:00]} 30. Qd1 {[%emt 0:00:00]} Nc5 {[%emt 0:00:00]} 31. f4 {[%emt 0:00:00]} Bf8 {[%emt 0:00:00]} 32. Qc2 {[%emt 0:00:00]} Qa6 {[%emt 0:00:00]} 33. Kg1 {[%emt 0:00:00]} Qd3 {[%emt 0:00:00]} 34. b4 {[%emt 0:00:00]} axb4 {[%emt 0:00:00]} 35. axb4 {[%emt 0:00:00]} Qe3+ {[%emt 0:00:00]} 36. Kh2 {[%emt 0:00:00]} Nd3 {[%emt 0:00:00]} 37. Nf5 {[%emt 0:00:00]} Qf2 {[%emt 0:00:00]} 38. Qxf2 {[%emt 0:00:00]} Nxf2 {[%emt 0:00:00]} 39. b5 {[%emt 0:00:00]} cxb5 {[%emt 0:01:34]} 40. Bd4 {[%emt 0:03:37]} Nd3 {[%emt 0:00:00]} 41. Bf1 {[%emt 0:02:36]} Nc5 {[%emt 0:00:00]} 42. e5 {[%emt 0:00:32]} fxe5 {[%emt 0:00:00]} 43. fxe5 {[%emt 0:00:00]} g6 44. Ne3 {[%emt 0:09:19]} Ne6 {[%emt 0:00:00]} 45. Bb2 {[%emt 0:01:44]} Bc5 {[%emt 0:00:00]} 46. Nc2 {[%emt 0:00:00]} Nc7 47. Kg2 {[%emt 0:04:15]} Kf8 {[%emt 0:01:19]} 48. h4 {[%emt 0:00:00]} Nd8 {[%emt 0:00:00]} 49. Nd4 {[%emt 0:00:00]} b4 {[%emt 0:00:00]} 50. Kf3 {[%emt 0:00:00]} Nc6 {[%emt 0:00:00]} 51. Nb3 {[%emt 0:00:00]} Bg1 {[%emt 0:00:00]} 52. g4 {[%emt 0:00:00]} Ne6 {[%emt 0:00:00]} 53. Ke4 {[%emt 0:00:00]} Bf2 {[%emt 0:00:00]} 54. h5 {[%emt 0:00:00]} Ke7 {[%emt 0:00:00]} 55. Bd3 {[%emt 0:00:00]} Bg3 {[%emt 0:00:00]} 56. Bc2 {[%emt 0:00:00]} Be1 {[%emt 0:00:00]} 57. hxg6 {[%emt 0:00:00]} hxg6 {[%emt 0:00:00]} 58. Kd3 {[%emt 0:00:00]} Kf7 {[%emt 0:00:00]} 59. Kc4 {[%emt 0:00:00]} Bc3 {[%emt 0:00:00]} 60. Bxc3 {[%emt 0:00:00]} bxc3 {[%emt 0:00:00]} 61. Kxc3 {[%emt 0:00:00]} Nxe5 {[%emt 0:00:00]} 62. Na5 {[%emt 0:00:00]} b6 {[%emt 0:00:00]} 63. Nc4 {[%emt 0:00:00]} Nxc4 {[%emt 0:00:00]} 64. Kxc4 {[%emt 0:00:00]} g5 {[%emt 0:00:00]} 65. Bd1 {[%emt 0:00:00]} Kf6 {[%emt 0:00:00]} 66. Kb5 {[%emt 0:00:00]} Ke5 {[%emt 0:00:00]} 67. Kxb6 {[%emt 0:00:00]} Nf4 {[%emt 0:00:00]} 68. Kc6 {[%emt 0:00:00]} Nd5 {[%emt 0:00:00]} 69. Kd7 {[%emt 0:00:00]} Ne3 {[%emt 0:00:00]} 70. Be2 {[%emt 0:00:00]} Kf4 {[%emt 0:00:00]} 71. Ke6 {[%emt 0:00:00]} Nxg4 {[%emt 0:00:00]} 72. Kf7 {[%emt 0:00:00]} Ne5+ {[%emt 0:00:00]} 73. Kf6 {[%emt 0:00:00]} Nc6 {[%emt 0:00:00]} 74. Bd1 {[%emt 0:00:00]} Nd4 {[%emt 0:00:00]} 75. Kg6 {[%emt 0:00:00]} Nb5 {[%emt 0:00:00]} 76. Kf6 {[%emt 0:00:00]} Nc3 {[%emt 0:00:00]} 77. Bh5 {[%emt 0:00:00]} Ne4+ {[%emt 0:00:00]} 78. Kg6 {[%emt 0:00:00]} Nf2 {[%emt 0:00:00]} 79. Kf6 {[%emt 0:00:00]} Nh3 {[%emt 0:00:00]} 80. Kg6 {[%emt 0:00:00]} Ng1 {[%emt 0:00:00]} 81. Kf6 {[%emt 0:00:00]} Nf3 {[%emt 0:00:00]} 82. Bxf3 {[%emt 0:00:00]} Kxf3 {[%emt 0:00:00]} 83. Kxg5 {[%emt 0:00:00]} 1/2-1/2

[Event "4NCL Div 1 2018-19"]
[Site "Daventry"]
[Date "2019.01.12"]
[Round "3"]
[White "Walton, Alan J"]
[Black "Skulte, Christopher"]
[Result "1/2-1/2"]
[WhiteElo "2140"]
[BlackElo "2110"]
[Annotator "NA"]
[PlyCount "32"]
[EventDate "2019.01.12"]
[EventCountry "GBR"]
[SourceTitle "playchess.com"]
[Source "ChessBase"]
[SourceQuality "1"]
[TimeControl "40"]

1. d4 {[%emt 0:00:00]} d5 {[%emt 0:00:00]} 2. c4 {[%emt 0:00:00]} e6 {[%emt 0:00:00]} 3. Nc3 {[%emt 0:00:00]} c6 {[%emt 0:00:00]} 4. e4 {[%emt 0:00:00]} dxe4 {[%emt 0:00:00]} 5. Nxe4 {[%emt 0:00:00]} Nd7 {[%emt 0:00:00]} 6. Nf3 {[%emt 0:00:00]} Ngf6 {[%emt 0:00:00]} 7. Nxf6+ {[%emt 0:00:00]} Qxf6 {[%emt 0:00:00]} 8. Bd3 {[%emt 0:00:00]} Bb4+ {[%emt 0:00:00]} 9. Bd2 {[%emt 0:00:00]} Bxd2+ {[%emt 0:00:00]} 10. Qxd2 {[%emt 0:00:00]} O-O {[%emt 0:00:00]} 11. O-O {[%emt 0:00:00]} e5 {[%emt 0:00:00]} 12. dxe5 {[%emt 0:00:00]} Nxe5 {[%emt 0:00:00]} 13. Nxe5 {[%emt 0:00:00]} Qxe5 {[%emt 0:00:00]} 14. Rfe1 {[%emt 0:00:00]} Qf6 {[%emt 0:00:00]} 15. Re3 {[%emt 0:00:00]} Rd8 {[%emt 0:00:00]} 16. Rae1 {[%emt 0:00:00]} Be6 {[%emt 0:00:00]} 1/2-1/2

[Event "4NCL Div 1 2018-19"]
[Site "Daventry"]
[Date "2019.01.12"]
[Round "3"]
[White "Coathup, Roger H"]
[Black "Franklin, Samuel G A"]
[Result "1/2-1/2"]
[WhiteElo "2139"]
[BlackElo "2329"]
[Annotator "NA"]
[PlyCount "85"]
[EventDate "2019.01.12"]
[EventCountry "GBR"]
[SourceTitle "playchess.com"]
[Source "ChessBase"]
[SourceQuality "1"]
[TimeControl "40"]

1. d4 {[%emt 0:00:00]} Nf6 {[%emt 0:00:00]} 2. c4 {[%emt 0:00:00]} g6 {[%emt 0:00:00]} 3. Nc3 {[%emt 0:00:00]} Bg7 {[%emt 0:00:00]} 4. e4 {[%emt 0:00:00]} d6 {[%emt 0:00:00]} 5. Be2 {[%emt 0:00:00]} O-O {[%emt 0:00:00]} 6. Bg5 {[%emt 0:00:00]} Na6 {[%emt 0:00:00]} 7. f4 {[%emt 0:00:00]} c6 {[%emt 0:00:00]} 8. Nf3 {[%emt 0:00:00]} Nc7 {[%emt 0:00:00]} 9. Bh4 {[%emt 0:00:00]} Ne6 {[%emt 0:00:00]} 10. Qd2 {[%emt 0:00:00]} d5 {[%emt 0:00:00]} 11. Bxf6 {[%emt 0:00:00]} exf6 {[%emt 0:00:00]} 12. exd5 {[%emt 0:00:00]} cxd5 {[%emt 0:00:00]} 13. Nxd5 {[%emt 0:00:00]} f5 {[%emt 0:00:00]} 14. O-O {[%emt 0:00:00]} b5 {[%emt 0:00:00]} 15. Rad1 {[%emt 0:00:00]} bxc4 {[%emt 0:00:00]} 16. Bxc4 {[%emt 0:00:00]} Bb7 {[%emt 0:00:00]} 17. Nc3 {[%emt 0:00:00]} Bxf3 {[%emt 0:00:00]} 18. Rxf3 {[%emt 0:00:00]} Bxd4+ {[%emt 0:00:00]} 19. Kf1 {[%emt 0:00:00]} Bxc3 {[%emt 0:00:00]} 20. bxc3 {[%emt 0:00:00]} Nc5 {[%emt 0:00:00]} 21. Qxd8 {[%emt 0:00:00]} Rfxd8 {[%emt 0:00:00]} 22. Bd5 {[%emt 0:00:00]} Rab8 {[%emt 0:00:00]} 23. c4 {[%emt 0:00:00]} Rd7 {[%emt 0:00:00]} 24. Re1 {[%emt 0:00:00]} Kg7 {[%emt 0:00:00]} 25. Rfe3 {[%emt 0:00:00]} Kf6 {[%emt 0:00:00]} 26. Ra3 {[%emt 0:00:00]} Rc7 {[%emt 0:00:00]} 27. Ree3 {[%emt 0:00:00]} h5 {[%emt 0:00:00]} 28. Ra5 {[%emt 0:00:00]} Rb1+ {[%emt 0:00:00]} 29. Kf2 {[%emt 0:00:00]} Rb2+ {[%emt 0:00:00]} 30. Kf3 {[%emt 0:00:00]} Rc2 {[%emt 0:00:00]} 31. Rea3 {[%emt 0:00:00]} a6 {[%emt 0:00:00]} 32. Re3 {[%emt 0:00:00]} Rc1 {[%emt 0:00:00]} 33. Ke2 {[%emt 0:00:00]} Rc2+ {[%emt 0:00:00]} 34. Kf3 {[%emt 0:00:00]} Rc1 {[%emt 0:00:00]} 35. g3 {[%emt 0:00:00]} Rc2 {[%emt 0:00:00]} 36. Re2 {[%emt 0:00:00]} Rc3+ {[%emt 0:00:00]} 37. Re3 {[%emt 0:00:00]} Rc2 {[%emt 0:00:00]} 38. Re2 {[%emt 0:00:00]} Rc3+ {[%emt 0:00:00]} 39. Kg2 {[%emt 0:00:00]} Rc8 {[%emt 0:00:00]} 40. Kf1 {[%emt 0:00:00]} Rc1+ {[%emt 0:00:00]} 41. Kg2 {[%emt 0:00:00]} Rc3 {[%emt 0:00:00]} 42. Rb2 {[%emt 0:00:00]} Rc7 {[%emt 0:00:00]} 43. Re2 {[%emt 0:00:00]} 1/2-1/2

[Event "4NCL Div 1 2018-19"]
[Site "Daventry"]
[Date "2019.01.12"]
[Round "3"]
[White "Taylor, Adam A"]
[Black "Sowray, Peter J"]
[Result "0-1"]
[WhiteElo "2122"]
[BlackElo "2344"]
[Annotator "NA"]
[PlyCount "102"]
[EventDate "2019.01.12"]
[EventCountry "GBR"]
[SourceTitle "playchess.com"]
[Source "ChessBase"]
[SourceQuality "1"]
[TimeControl "40"]

1. Nf3 {[%emt 0:00:00]} d5 {[%emt 0:00:00]} 2. g3 {[%emt 0:00:00]} Nf6 {[%emt 0:00:00]} 3. Bg2 {[%emt 0:00:00]} e6 {[%emt 0:00:00]} 4. O-O {[%emt 0:00:00]} c5 {[%emt 0:00:00]} 5. c4 {[%emt 0:00:00]} dxc4 {[%emt 0:00:00]} 6. Na3 {[%emt 0:00:00]} Nc6 {[%emt 0:00:00]} 7. Nxc4 {[%emt 0:00:00]} Be7 {[%emt 0:00:00]} 8. b3 {[%emt 0:00:00]} O-O {[%emt 0:00:00]} 9. Bb2 {[%emt 0:00:00]} Qc7 {[%emt 0:00:00]} 10. Rc1 {[%emt 0:00:00]} Rd8 {[%emt 0:00:00]} 11. Qc2 {[%emt 0:00:00]} Bd7 {[%emt 0:00:00]} 12. Qb1 {[%emt 0:00:00]} Be8 {[%emt 0:00:00]} 13. Rfd1 {[%emt 0:00:00]} Rac8 {[%emt 0:00:00]} 14. d4 {[%emt 0:00:00]} b5 {[%emt 0:00:00]} 15. Ne3 {[%emt 0:00:00]} Qb6 {[%emt 0:00:00]} 16. dxc5 {[%emt 0:00:00]} Bxc5 {[%emt 0:00:00]} 17. Rxd8 {[%emt 0:00:00]} Rxd8 {[%emt 0:00:00]} 18. Bxf6 {[%emt 0:00:00]} gxf6 {[%emt 0:00:00]} 19. Ng4 {[%emt 0:00:00]} Kg7 {[%emt 0:00:00]} 20. Qb2 {[%emt 0:00:00]} e5 {[%emt 0:00:00]} 21. Qc2 {[%emt 0:00:00]} h5 {[%emt 0:00:00]} 22. Nh4 {[%emt 0:00:00]} Nd4 {[%emt 0:00:00]} 23. Qxc5 {[%emt 0:00:00]} hxg4 {[%emt 0:00:00]} 24. Qxb6 {[%emt 0:00:00]} axb6 {[%emt 0:00:00]} 25. Kf1 {[%emt 0:00:00]} b4 {[%emt 0:00:00]} 26. e3 {[%emt 0:00:00]} Bb5+ {[%emt 0:00:00]} 27. Ke1 {[%emt 0:00:00]} Ne2 {[%emt 0:00:00]} 28. Rd1 {[%emt 0:00:00]} Rxd1+ {[%emt 0:00:00]} 29. Kxd1 {[%emt 0:00:00]} Nc3+ {[%emt 0:00:00]} 30. Kc2 {[%emt 0:00:00]} Nxa2 {[%emt 0:00:00]} 31. Nf5+ {[%emt 0:00:00]} Kf8 {[%emt 0:00:00]} 32. Nd6 {[%emt 0:00:00]} Bd7 {[%emt 0:00:00]} 33. Bd5 {[%emt 0:00:04]} Nc3 {[%emt 0:00:00]} 34. Bb7 {[%emt 0:00:00]} Ke7 {[%emt 0:00:00]} 35. Nc4 {[%emt 0:00:00]} Kd8 {[%emt 0:00:00]} 36. Nb2 {[%emt 0:00:00]} Kc7 {[%emt 0:00:00]} 37. Ba8 {[%emt 0:00:04]} Bf5+ {[%emt 0:00:00]} 38. Kd2 {[%emt 0:00:00]} Be6 {[%emt 0:00:00]} 39. Kc2 {[%emt 0:00:00]} Kd6 {[%emt 0:00:00]} 40. e4 {[%emt 0:00:01]} Ne2 {[%emt 0:00:00]} 41. Nd3 {[%emt 0:00:00]} Nd4+ {[%emt 0:00:00]} 42. Kd2 {[%emt 0:00:00]} Nxb3+ {[%emt 0:00:00]} 43. Ke3 {[%emt 0:00:00]} Nd4 {[%emt 0:00:00]} 44. Nxb4 {[%emt 0:00:00]} Nf3 {[%emt 0:00:00]} 45. h4 {[%emt 0:00:00]} gxh3 {[%emt 0:00:00]} 46. Kxf3 {[%emt 0:00:00]} Bg4+ {[%emt 0:00:00]} 47. Kxg4 {[%emt 0:00:00]} h2 {[%emt 0:00:00]} 48. Nd5 {[%emt 0:00:00]} h1=Q {[%emt 0:00:00]} 49. Nxb6 {[%emt 0:00:00]} Qd1+ {[%emt 0:00:00]} 50. f3 {[%emt 0:00:00]} f5+ {[%emt 0:00:00]} 51. Kh4 {[%emt 0:00:00]} Kc5 {[%emt 0:00:00]} 0-1

[Event "4NCL Div 1 2018-19"]
[Site "Daventry"]
[Date "2019.01.12"]
[Round "3"]
[White "Maciol, Ryszard"]
[Black "Longson, Alexander"]
[Result "0-1"]
[WhiteElo "2120"]
[BlackElo "2312"]
[Annotator "NA"]
[PlyCount "92"]
[EventDate "2019.01.12"]
[EventCountry "GBR"]
[SourceTitle "playchess.com"]
[Source "ChessBase"]
[SourceQuality "1"]
[TimeControl "40"]

1. d4 {[%emt 0:00:00]} d5 {[%emt 0:00:00]} 2. c4 {[%emt 0:00:00]} dxc4 {[%emt 0:00:00]} 3. Nf3 {[%emt 0:00:00]} Nf6 {[%emt 0:00:00]} 4. e3 {[%emt 0:00:00]} e6 {[%emt 0:00:00]} 5. Bxc4 {[%emt 0:00:00]} c5 {[%emt 0:00:00]} 6. O-O {[%emt 0:00:00]} a6 {[%emt 0:00:00]} 7. Bb3 {[%emt 0:00:00]} Be7 {[%emt 0:00:00]} 8. Qe2 {[%emt 0:00:00]} cxd4 {[%emt 0:00:00]} 9. Rd1 {[%emt 0:00:00]} Nc6 {[%emt 0:00:00]} 10. exd4 {[%emt 0:00:00]} Na5 {[%emt 0:00:00]} 11. Bc2 {[%emt 0:00:00]} b5 {[%emt 0:00:00]} 12. Ne5 {[%emt 0:00:00]} Bb7 {[%emt 0:00:00]} 13. Nc3 {[%emt 0:00:00]} Rc8 {[%emt 0:00:00]} 14. Bg5 {[%emt 0:00:00]} O-O {[%emt 0:00:00]} 15. Rac1 {[%emt 0:00:00]} Nd5 {[%emt 0:00:00]} 16. Bd2 {[%emt 0:00:00]} Nc4 {[%emt 0:00:00]} 17. Nxc4 {[%emt 0:00:00]} Rxc4 {[%emt 0:00:00]} 18. a4 {[%emt 0:00:00]} Rxd4 {[%emt 0:00:00]} 19. axb5 {[%emt 0:00:00]} Qb6 {[%emt 0:00:00]} 20. Nxd5 {[%emt 0:00:00]} Rxd5 {[%emt 0:00:00]} 21. bxa6 {[%emt 0:00:00]} Bxa6 {[%emt 0:00:00]} 22. Qe4 {[%emt 0:00:00]} Rf5 {[%emt 0:00:00]} 23. Be3 {[%emt 0:00:00]} Bc5 {[%emt 0:00:00]} 24. Bxc5 {[%emt 0:00:00]} Qxc5 {[%emt 0:00:00]} 25. Qh4 {[%emt 0:00:00]} Rh5 {[%emt 0:00:00]} 26. Qf4 {[%emt 0:00:00]} Qe5 {[%emt 0:00:00]} 27. Qxe5 {[%emt 0:00:00]} Rxe5 {[%emt 0:00:00]} 28. Rd6 {[%emt 0:00:00]} Bb7 {[%emt 0:00:00]} 29. Bd3 {[%emt 0:00:00]} Rg5 {[%emt 0:00:00]} 30. g3 {[%emt 0:00:00]} Ra5 {[%emt 0:00:00]} 31. b4 {[%emt 0:00:00]} Ra2 {[%emt 0:00:00]} 32. b5 {[%emt 0:00:00]} g6 {[%emt 0:00:00]} 33. Rd7 {[%emt 0:00:00]} Bd5 {[%emt 0:00:00]} 34. Rb1 {[%emt 0:00:00]} Rb8 {[%emt 0:00:00]} 35. b6 {[%emt 0:00:00]} Kg7 {[%emt 0:00:00]} 36. Rc7 {[%emt 0:00:00]} Rd2 {[%emt 0:00:00]} 37. Rc3 {[%emt 0:00:00]} Ba2 {[%emt 0:00:07]} 38. Rb4 {[%emt 0:00:01]} Rd1+ {[%emt 0:00:00]} 39. Kg2 {[%emt 0:00:00]} Bd5+ {[%emt 0:00:00]} 40. Kh3 {[%emt 0:00:00]} Rd2 {[%emt 0:00:00]} 41. f4 {[%emt 0:00:00]} h5 {[%emt 0:00:00]} 42. Bc4 {[%emt 0:00:00]} g5 {[%emt 0:00:00]} 43. fxg5 {[%emt 0:00:00]} Bg2+ {[%emt 0:00:00]} 44. Kh4 {[%emt 0:00:00]} Rd4+ {[%emt 0:00:00]} 45. g4 {[%emt 0:00:00]} Rxg4+ {[%emt 0:00:00]} 46. Kxh5 {[%emt 0:00:00]} Rd4 {[%emt 0:00:00]} 0-1

[Event "4NCL Div 1 2018-19"]
[Site "Daventry"]
[Date "2019.01.12"]
[Round "3"]
[White "Tyomkyn, Mikhail"]
[Black "Pert, Nicholas"]
[Result "0-1"]
[WhiteElo "2111"]
[BlackElo "2558"]
[Annotator "ChessBase"]
[PlyCount "46"]
[EventDate "2019.01.12"]
[EventCountry "GBR"]
[SourceTitle "playchess.com"]
[Source "ChessBase"]
[SourceQuality "1"]
[TimeControl "40"]

1. d4 {[%emt 0:00:00]} d5 {[%emt 0:00:00]} 2. c4 {[%emt 0:00:00]} c6 {[%emt 0:00:00]} 3. Nf3 {[%emt 0:00:00]} Nf6 {[%emt 0:00:00]} 4. e3 {[%emt 0:00:00]} Bf5 {[%emt 0:00:00]} 5. Nc3 {[%emt 0:00:00]} e6 {[%emt 0:00:00]} 6. Nh4 {[%emt 0:00:00]} Be4 {[%emt 0:00:00]} 7. f3 {[%emt 0:00:00]} Bg6 {[%emt 0:00:00]} 8. Qb3 {[%emt 0:00:00]} Qc7 {[%emt 0:00:00]} 9. Bd2 {[%emt 0:00:00]} Be7 {[%emt 0:00:00]} 10. Nxg6 {[%emt 0:00:00]} hxg6 {[%emt 0:00:00]} 11. O-O-O {[%emt 0:00:00]} dxc4 {[%emt 0:00:00]} 12. Bxc4 {[%emt 0:00:00]} b5 {[%emt 0:00:00]} 13. Be2 {[%emt 0:00:00]} a6 {[%emt 0:00:00]} 14. g3 {[%emt 0:00:00]} c5 {[%emt 0:00:00]} 15. dxc5 {[%emt 0:00:00]} Nbd7 {[%emt 0:00:00]} 16. Kb1 {[%emt 0:00:00]} Nxc5 {[%emt 0:00:00]} 17. Qc2 {[%emt 0:00:00]} O-O {[%emt 0:00:00]} 18. f4 {[%emt 0:00:00]} Rac8 {[%emt 0:00:00]} 19. Rc1 {[%emt 0:00:00]} Qb7 {[%emt 0:00:00]} 20. Ka1 {[%emt 0:00:00]} b4 {[%emt 0:00:00]} 21. Na4 {[%emt 0:00:00]} Nce4 {[%emt 0:00:00]} 22. Bc4 {[%emt 0:00:00]} Nxd2 {[%emt 0:00:00]} 23. Qxd2 {[%emt 0:00:00]} Rxc4 {[%emt 0:00:00]} 0-1

[Event "4NCL Div 1 2018-19"]
[Site "Daventry"]
[Date "2019.01.12"]
[Round "3"]
[White "Lauterbach, Ingrid"]
[Black "Smith, Lynda"]
[Result "1-0"]
[WhiteElo "2057"]
[BlackElo "1837"]
[Annotator "NA"]
[PlyCount "59"]
[EventDate "2019.01.12"]
[EventCountry "GBR"]
[SourceTitle "playchess.com"]
[Source "ChessBase"]
[SourceQuality "1"]
[TimeControl "40"]

1. e4 {[%emt 0:00:00]} c5 {[%emt 0:00:00]} 2. Nf3 {[%emt 0:00:00]} g6 {[%emt 0:00:00]} 3. c4 {[%emt 0:00:00]} Bg7 {[%emt 0:00:00]} 4. d4 {[%emt 0:00:00]} cxd4 {[%emt 0:00:00]} 5. Nxd4 {[%emt 0:00:00]} Nc6 {[%emt 0:00:00]} 6. Be3 {[%emt 0:00:00]} d6 {[%emt 0:00:00]} 7. Be2 {[%emt 0:00:00]} Nf6 {[%emt 0:00:00]} 8. Nc3 {[%emt 0:00:00]} O-O {[%emt 0:00:00]} 9. O-O {[%emt 0:00:00]} Nxd4 {[%emt 0:00:00]} 10. Bxd4 {[%emt 0:00:00]} Be6 {[%emt 0:00:00]} 11. Rc1 {[%emt 0:00:00]} Nd7 {[%emt 0:00:00]} 12. Be3 {[%emt 0:00:00]} Ne5 {[%emt 0:00:00]} 13. b3 {[%emt 0:00:00]} Qa5 {[%emt 0:00:00]} 14. Qd2 {[%emt 0:00:00]} Nc6 {[%emt 0:00:00]} 15. Rfd1 {[%emt 0:00:00]} Rfe8 {[%emt 0:00:00]} 16. f4 {[%emt 0:00:00]} Qd8 {[%emt 0:00:00]} 17. Bf3 {[%emt 0:00:00]} Qc8 {[%emt 0:00:00]} 18. Qe2 {[%emt 0:00:00]} Kh8 {[%emt 0:00:00]} 19. Kh1 {[%emt 0:00:00]} h6 {[%emt 0:00:00]} 20. c5 {[%emt 0:00:00]} dxc5 {[%emt 0:00:00]} 21. Bxc5 {[%emt 0:00:00]} b6 {[%emt 0:00:00]} 22. Be3 {[%emt 0:00:00]} Rd8 {[%emt 0:00:00]} 23. e5 {[%emt 0:00:00]} Qb7 {[%emt 0:00:00]} 24. Qb5 {[%emt 0:00:00]} Rdc8 {[%emt 0:00:00]} 25. Nd5 {[%emt 0:00:00]} Bd7 {[%emt 0:00:00]} 26. Nxe7 {[%emt 0:00:00]} Nxe7 {[%emt 0:00:00]} 27. Rxc8+ {[%emt 0:00:00]} Qxc8 {[%emt 0:00:00]} 28. Qxd7 {[%emt 0:00:00]} Qxd7 {[%emt 0:00:00]} 29. Rxd7 {[%emt 0:00:00]} Re8 {[%emt 0:00:00]} 30. Rxa7 {[%emt 0:00:00]} 1-0